Stabilita poptávky po penězích v České republice
Empirická analýza stability dopytu po peniazoch s použitím CUSUM a Hansenovho testu stability a jej výsledky. Definícia stability dopytu po peniazoch z pohľadu keynesiánskej ekonomickej teórie. Determinanty dopytu po peniazoch v ČR v rokoch 2003-2008.
Salvato in:
| Autore principale: | |
|---|---|
| Natura: | Capitolo di libro |
| Lingua: | ceco |
| Soggetti: | |
| Tags: |
Nessun Tag, puoi essere il primo ad aggiungerne!!
|
MARC
| LEADER | 00000naa$a2200000$$$4500 | ||
|---|---|---|---|
| 001 | 0086156 | ||
| 005 | 20220715093934.9 | ||
| 041 | 0 | |a cze | |
| 044 | |a SK | ||
| 245 | 1 | 0 | |a Stabilita poptávky po penězích v České republice |c Svatopluk Kapounek |
| 520 | |a Empirická analýza stability dopytu po peniazoch s použitím CUSUM a Hansenovho testu stability a jej výsledky. Definícia stability dopytu po peniazoch z pohľadu keynesiánskej ekonomickej teórie. Determinanty dopytu po peniazoch v ČR v rokoch 2003-2008. | ||
| 610 | 2 | 0 | |a peniaze |
| 610 | 2 | 0 | |a dopyt |
| 610 | 2 | 0 | |a politika fiškálna |
| 610 | 2 | 0 | |a politika menová |
| 610 | 2 | 0 | |a stabilita finančná |
| 610 | 2 | 0 | |a testovanie hypotéz |
| 610 | 2 | 0 | |a modely regresné |
| 610 | 2 | 0 | |a modely lineárne |
| 610 | 2 | 0 | |a štatistika |
| 610 | 2 | 0 | |a Česko |
| 100 | 1 | |a Kapounek, Svatopluk | |